Statistieken voor Landen met 12 letters

Klik hier om de quiz te nemen!

Algemene statistieken

  • Deze quiz is 70 keer genomen
  • De gemiddelde score is 5 van 7

Antwoordstatistieken

Country% Correct
Nieuw-Zeeland
89%
Turkmenistan
89%
Saoedi Arabië
83%
Tadzjikistan
72%
Azerbeidzjan
56%
Guinee-Bissau
50%
Vaticaanstad
50%

Scoreverdeling

Percentiel versus Aantal Correcte Antwoorden

Procent van Mensen met Elke Score

Uw Scoregeschiedenis

U heeft deze quiz nog niet genomen